00539nam a22001337a 450000500170000000800410001705000310005810000250008924501120011426000340022630000150026050000400027565000900031520260511112517.0260511b |||||||| |||| 00| 0 eng d aTHE HG 2491 .O54 2006bC.1 aOneya, Shianda Doris aAn Analysis of the Impact of Non-performing Loans on the Financial Performance of Commercial Banks in Kenya aKisiibKisii Universityc2006 aviii, 33p. aIncludes bibliographical references a1. Non-performing loans - Kenya. 2. Financial performance - Commercial banks - Kenya.